000
00400nam a22001697a 4500
003
MPLRDC
005
20220104114721.0
008
210129b ||||| |||| 00| 0 eng d
082
_a
173.2 ZGXL c.2
100
_a
苏芗雨等合著
245
_a
青年心理
_c
260
_a
_b
水牛出版社
_c
1984
300
_b
平
490
_a
心理卫生丛书;1
650
_a
942
_c
BK
_o
173.2 ZGXL c.2
999
_c
9668
_d
9658